Quiz capitales - Statistiques

Statistiques générales
  • Ce quiz a été pris 232 fois
  • Le résultat moyen est 7 sur 10
Statistiques - réponses
Question Réponse % Correct
Quelle est la capitale de l'Abanie ? Tirana
96%
Quelle est la capitale de la Slovénie ? Ljubljana
92%
Quelle est la capitale de la Syrie ? Damas
85%
Laquelle de ces capitales est la plus éloigné de Paris ? Budapest
81%
Quelle est la capitale du Honduras ? Tegucigalpa
62%
Quelle est la capitale de la Namibie ? Windhoek
62%
Parmi ces 4 pays, lequel possède plusieurs capitales ? Bolivie
54%
Quelle est la capitale enregistant le plus grand nombre d'habitants (agglomération comprise) ? Tokyo
54%
Quelle était l'ancienne capitale des États-Unis avant que Washington D.C la devienne en 1800 ? Philadelphie
50%
Quelle est la capitale judiciaire de l'Afrique du Sud ? Bloemfontein
35%
Aucun quiz correspondant
Distribution des résultats
% des personnes avec chaque résultat
Percentile par nombre de réponses
Votre historique - résultats
Vous n’avez pas pris ce quiz